000
00220 a2200097 4500
001
32694
100
_a
Briand P L
245
_a
Daughter of the sky
260
_a
Newyork
_b
Duell, Seoan & pearce
_c
090
_c
21895
_d
21895
942
_a
NUST-CAE
_c
M
_c
13219
999
_c
267767
_d
267767